• 首页
  • 本馆介绍
  • 公告通知
  • 最新文献
  • 馆藏检索
  • 电子资源
  • 读者荐购
  • 参考咨询
  • CALIS
  • 我的图书馆
  • 登录
  • 详细信息显示
  • 放入我的书架
  • 预约/预借图书
  • 作者相关作品
  • 分类相关作品
  • 丛书相关作品
  • 出版社相关作品

书目信息

  • 表格格式
  • 工作单格式
  • 卡片格式
题名:
互联网广告数据治理研究
    
 
作者: 张艳 著
分册:  
出版信息: 北京   科学出版社  2024.12
页数: 286页
开本: 24cm
丛书名:
单 册:
中图分类: F713.82
科图分类:
主题词: 网络广告--数据管理--研究
电子资源:
ISBN: 978-7-03-079844-2
 
 
 
 
 
000 01159nam0 2200241 450
001 013391799
005 20251022182710.18
010    @a978-7-03-079844-2@dCNY98.00
100    @a20250207d2024 em y0chiy0120 ea
101 0  @achi
102    @aCN@b110000
105    @ay z 000yy
106    @ar
200 1  @a互联网广告数据治理研究@9hu lian wang guang gao shu ju zhi li yan jiu@f张艳著
210    @a北京@c科学出版社@d2024.12
215    @a286页@d24cm
300    @a2019年国家社会科学基金项目“中国互联网广告数据治理体系构建研究”最终成果
330    @a本书聚焦互联网广告数据治理问题,基于数据治理理论和协同创新理论,结合深度访谈调研结果以及行业实践现状,剖析我国互联网广告数据治理的症结所在。同时针对当前我国互联网广告行业中出现的数据造假、非法数据搜集、用户数据信息滥用以及算法偏见等各种数据失范问题,从理论、现实、对策三个维度开展研究,探究具有互联网广告行业特征的数据治理体系构建,并就政府管理部门、广告主、媒体平台、第三方数据监测机构等行业各利益攸关方的协同共治路径进行论述。
606 0  @a网络广告@x数据管理@x研究
690    @aF713.82@v5
701  0 @a张艳@9zhang yan@4著
801  0 @aCN@c20250909
905    @a河南城建学院图书馆@dF713.82@eZ225@ZZ225@f1
    
    互联网广告数据治理研究/张艳著.-北京:科学出版社,2024.12
    286页;24cm
    2019年国家社会科学基金项目“中国互联网广告数据治理体系构建研究”最终成果
    
    ISBN 978-7-03-079844-2:CNY98.00
    本书聚焦互联网广告数据治理问题,基于数据治理理论和协同创新理论,结合深度访谈调研结果以及行业实践现状,剖析我国互联网广告数据治理的症结所在。同时针对当前我国互联网广告行业中出现的数据造假、非法数据搜集、用户数据信息滥用以及算法偏见等各种数据失范问题,从理论、现实、对策三个维度开展研究,探究具有互联网广告行业特征的数据治理体系构建,并就政府管理部门、广告主、媒体平台、第三方数据监测机构等行业各利益攸关方的协同共治路径进行论述。
●
相关链接 在E读中查询图书 在当当中查询图书 在豆瓣中查询图书


正题名:互联网广告数据治理研究     索取号:F713.82/Z225         预约/预借

序号 登录号 条形码 馆藏地/架位号 状态 备注
1 1633259   216332591   社科库409/409社科库 44排7列4层/ [索取号:F713.82/Z225] 在馆    
河南城建学院图书馆 欢迎您!
大连网信软件有限公司© 版权所有